| 000 | 00526nam a2200181 i 4500 | ||
|---|---|---|---|
| 001 | 53719 | ||
| 003 | ES-MaACL | ||
| 005 | 20230906162823.0 | ||
| 007 | t| | ||
| 008 | 031111s1943 sp ||||1| spa d | ||
| 100 | 1 |
_aAssía, Augusto. _923657 |
|
| 245 | 1 | 4 |
_aLos ingleses en su isla / _cAugusto Assía. |
| 260 |
_aBarcelona : _bMercedes, _c1943. |
||
| 300 |
_a199 p. ; _c23 cm. |
||
| 651 | 4 |
_aGran Bretaña- _xDescripción. _98749 |
|
| 651 | 4 |
_aGran Bretaña- _xUsos y costumbres. _98765 |
|
| 852 |
_aES-MaACL _jF-15747 _bR.20353 |
||
| 999 |
_c53719 _d53719 |
||